00932cam a2200241 a 450000100100000000500170001000800410002704000350006804300210010308200160012424500580014026000600019830000260025850000190028465100470030365000370035065100620038765100610044970000340051004900090054495201200055399900170067300001837920200929165500.0780516s1944 nyu 001 0 eng d aDO-SdBNPcIENdIENdDLCdBNPHU an-us-dcan-us--- aNNNNbW317b00aWashington broadcast /cby the man at the microphone. aNew York, :bDoubleday, Doran and company, inc.,c1944. axii, 269 p. ;c21 cm. aIncludes index 0aWashington (D.C.{Rpara}xBiography.939796 0aStatesmenzUnited States.939797 0aUnited StatesxPolitics And Governmenty1901-1953.939798 0aWashington (D.C.{Rpara}xSocial Life And Customs.9397991 aMan at the microphone.939800 aBNGR 001053728MOaGRbGRcCTd2010-04-30iLF1l0oNNNN W317bp18379-10r2020-06-25te. 1w2020-06-25y1ZNo se presta c17900d17900